Κατάλογος Βιβλιοθηκών Mediterranean College

Windows 3.1 / Βημα-Προς-Βημα (Record no. 3511)

MARC details
000 -LEADER
fixed length control field 01190cam a22002054a 4500
005 - ΗΜΕΡΟΜΗΝΙΑ ΚΑΙ ΩΡΑ ΤΕΛΕΥΤΑΙΑΣ ΕΝΗΜΕΡΩΣΗΣ
Πεδίο ελέγχου 20250605164117.0
008 - FIXED-LENGTH DATA ELEMENTS--GENERAL INFORMATION
Πεδίο ελέγχου σταθερού μήκους 250528s ||||||||||||||||||||||||d
035 ## - SYSTEM CONTROL NUMBER
System control number 18128
020 ## - ISBN
ISBN 880227303
040 ## - ΠΗΓΗ ΚΑΤΑΛΟΓΟΓΡΑΦΗΣΗΣ
Φορέας πρωτότυπης καταλογογράφησης MC Athens Campus Library
Γλώσσα καταλογογράφησης Ελληνικά, Μοντέρνα (1453-)
Modifying agency MC Athens Campus Library
Κανόνες περιγραφικής καταλογογράφησης AACR2
245 1# - ΤΙΤΛΟΣ ΚΑΙ ΔΗΛΩΣΗ ΥΠΕΥΘΥΝΟΤΗΤΑΣ
Τίτλος Windows 3.1 / Βημα-Προς-Βημα
260 ## - PUBLICATION, DISTRIBUTION, ETC.
Name of publisher, distributor, etc. Γκιούρδας Μόσχος,
Date of publication, distribution, etc. 1992
300 ## - PHYSICAL DESCRIPTION
Extent 616
520 ## - SUMMARY, ETC.
Summary, etc. Μάθετε μόνοι σας το Windows 3.1 βήμα προς βήμα. Εισαγωγή, Επισκόπηση του Windows, Εκκίνηση του Windows, Λειτουργώντας το Windows, Διαχείριση Αρχείων, Έλεγχος του Εκτυπωτή, Χρήση του Windows Write, Δημιουργία Μακροεντολών, Χρήση του Microsoft Draw, Χρήση του Microsoft Graph, Χρήση των Applets, Χρήση Πολυμέσων, Ολοκλήρωση Πολλαπλών Προγραμμάτων, Εγκατάσταση του Windows 3.1, Βοήθεια και Υποστήριξη και Πόροι, Ευρετήριο.
700 1# - ΠΡΟΣΘΕΤΗ ΑΝΑΓΡΑΦΗ--ΦΥΣΙΚΟ ΠΡΟΣΩΠΟ
Personal name Person Ron
9 (RLIN) 4419
700 1# - ΠΡΟΣΘΕΤΗ ΑΝΑΓΡΑΦΗ--ΦΥΣΙΚΟ ΠΡΟΣΩΠΟ
Personal name Rose Karen
9 (RLIN) 4420
942 ## - ADDED ENTRY ELEMENTS (KOHA)
Koha item type Books
Holdings
Τύπος τεκμηρίου Βιβλιοθήκη Τρέχουσα τοποθεσία Barcode Αριθμός εισαγωγής Ημερομηνία απόκτησης Ταξιθετικό σύμβολο Αριθμός αντιτύπου Κατάσταση απόσυρσης Κατάσταση χαμένου Κατάσταση κατεστραμμένου Μη δανεισμός Σύνολο δανεισμών Ημερομηνία τελευταίας εμφάνισης Η τιμή ισχύει από
Books MC Athens Campus Library MC Athens Campus Library 9780000035103 2322 05/06/2025 005.4 PER 1           05/06/2025 05/06/2025

MC Athens Campus Library
Πατησίων 94 & Κοδριγκτώνος 13, 104 34
Πελλήνης 8 & Πατησίων 107, 112 51
Τ: +30 210 8899600

MC Thessaloniki Campus Library
Ίωνος Δραγούμη 21, 54625 | Ίωνος Δραγούμη 15, 54625
Τ: +30 2310 287779 – Τ: +30 2314 440300